MAQUETAS DE ARQUITECTURA (Registro nro. 44083)
[ vista simple ]
| 000 -LEADER | |
|---|---|
| fixed length control field | 00734nam a2200217 a 4500 |
| 001 - CONTROL NUMBER | |
| control field | 44083 |
| 005 - DATE AND TIME OF LATEST TRANSACTION | |
| control field | 20180714022824.0 |
| 008 - FIXED-LENGTH DATA ELEMENTS--GENERAL INFORMATION | |
| fixed length control field | 140415s2001 sp 000 0 spa d |
| 020 ## - INTERNATIONAL STANDARD BOOK NUMBER | |
| International Standard Book Number | 9688871958 |
| 041 ## - LANGUAGE CODE | |
| Language code of text/sound track or separate title | spa |
| 082 ## - DEWEY DECIMAL CLASSIFICATION NUMBER | |
| Classification number | 720.22 |
| Item number | KNO |
| 100 1# - MAIN ENTRY--PERSONAL NAME | |
| Personal name | KNOLL, WOLFGANG |
| 245 10 - TITLE STATEMENT | |
| Title | MAQUETAS DE ARQUITECTURA |
| 250 ## - EDITION STATEMENT | |
| Edition statement | 5ed. |
| 260 ## - PUBLICATION, DISTRIBUTION, ETC. | |
| Place of publication, distribution, etc. | ESPAÑA : |
| Name of publisher, distributor, etc. | EDICIONES G. GILI, |
| Date of publication, distribution, etc. | 2001 |
| 300 ## - PHYSICAL DESCRIPTION | |
| Extent | 128 |
| Dimensions | x 21 x 27 |
| 520 ## - SUMMARY, ETC. | |
| Summary, etc. | LA ARQUITECTURA NO SOLO SE GENERA A PARTIR DE DIBUJOS Y MAQUETAS. LAS MAQUETAS COMPLEMENTAN LOS DIBUJOS Y SE RIGEN POR SUS PROPIAS LEYES FORMALES |
| 650 14 - SUBJECT ADDED ENTRY--TOPICAL TERM | |
| Topical term or geographic name entry element | MAQUETAS (ARQUITECTURA) |
| 740 ## - ADDED ENTRY--UNCONTROLLED RELATED/ANALYTICAL TITLE | |
| Uncontrolled related/analytical title | architektur - modelle anregungen zu ihrem bau |
| 700 1# - ADDED ENTRY--PERSONAL NAME | |
| Personal name | HECHINGER, MARTIN |
| Relator term | coaut. |
| Withdrawn status | Lost status | Source of classification or shelving scheme | Damaged status | Not for loan | Collection code | Home library | Current library | Shelving location | Date acquired | Source of acquisition | Inventory number | Total Checkouts | Full call number | Barcode | Date last seen | Date last checked out | Price effective from | Koha item type |
|---|---|---|---|---|---|---|---|---|---|---|---|---|---|---|---|---|---|---|
| Dewey Decimal Classification | General | Biblioteca Karol Wojtyla | Biblioteca Karol Wojtyla | Sala general | 03/12/2013 | Compra | 151000000000000000027752 | 720.22 KNO | 66298 | 05/01/2026 | 17/10/2016 | 03/12/2013 | Libro | |||||
| Dewey Decimal Classification | General | Biblioteca Karol Wojtyla | Biblioteca Karol Wojtyla | Sala general | 03/12/2013 | Compra | 151000000000000000027753 | 720.22 KNO | 66299 | 05/01/2026 | 27/11/2015 | 03/12/2013 | Libro | |||||
| Dewey Decimal Classification | General | Biblioteca Karol Wojtyla | Biblioteca Karol Wojtyla | Sala general | 03/12/2013 | Compra | 151000000000000000027751 | 720.22 KNO | 57681 | 05/01/2026 | 03/12/2013 | Libro |